El leproso ante la sociedad / (Record no. 39855)

MARC details
000 -LEADER
campo de control de longitud fija 00543nam a2200169 i 4500
001 - NÚMERO DE CONTROL
campo de control 39855
003 - IDENTIFICADOR DE NÚMERO DE CONTROL
campo de control ES-MaACL
005 - FECHA Y HORA DE LA ÚLTIMA TRANSACCIÓN
campo de control 20230906160107.0
007 - CAMPO FIJO DE DESCRIPCIÓN FÍSICA--INFORMACIÓN GENERAL
campo de control de longitud fija t|
008 - DATOS DE LONGITUD FIJA--INFORMACIÓN GENERAL
campo de control de longitud fija 030304s1953 sp ||||1| spa d
100 1# - ENTRADA PRINCIPAL--NOMBRE DE PERSONA
Nombre de persona Canto Ibañez, Francisco.
9 (RLIN) 34676
245 13 - MENCIÓN DEL TÍTULO
Título El leproso ante la sociedad /
Mención de responsabilidad, etc. Francisco Canto Ibañez.
260 ## - PUBLICACIÓN, DISTRIBUCIÓN, ETC.
Lugar de publicación, distribución, etc. Castellón :
Nombre del editor, distribuidor, etc. Instituto Provincial de Sanidad,
Fecha de publicación, distribución, etc. [1953] (
Fabricante Más)
300 ## - DESCRIPCIÓN FÍSICA
Extensión 28 p. ;
Dimensiones 23 cm.
710 2# - ENTRADA AGREGADA--NOMBRE DE ENTIDAD CORPORATIVA
Nombre de entidad corporativa o nombre de jurisdicción como elemento de entrada Instituto Provincial de Sanidad (Córdoba)
9 (RLIN) 5220
852 ## - LOCALIZACIÓN
Ubicación ES-MaACL
Número de control de estantería 1628-F-22 bis
Sublocalización o colección R.35295
Holdings
Estatus retirado Estado de pérdida Estado de daño No para préstamo Colección Biblioteca de origen Biblioteca actual Ubicación en estantería Fecha de adquisición Fuente de adquisición Total de préstamos Signatura topográfica completa Código de barras Visto por última vez Precio de reemplazo Tipo de ítem Koha
        Colección de folletos Biblioteca del Ateneo de Madrid Biblioteca del Ateneo de Madrid Depósito folletos 17/01/2008     1628-F-22 bis 1041967 23/02/2023 23/02/2023 Folleto